Responses for show #7606 - Monday, October 9, 2017

Austin Rogers game 10.
The dividers between the players used during Final Jeopardy! are now retractable.
Players now stay at their lecterns for the closing credits.

Contestants

Rain Dunaway, a medical student from Louisville, Kentucky

Rich Coble, an attorney from Philadelphia, Pennsylvania

Austin Rogers, a bartender from New York, New York (whose 9-day cash winnings total $332,400)

Jeopardy! Round responses

VIDEO GAMES
(Alex: Sounds like fun.)
STATES BY COLORFUL LOCALES
THIRD TIME'S A "CHA'"RIM
(Alex: C-H-A coming up in each correct response.)
LAW SLAW
TRANSLATE THE NOTED PAIR
CLASSICS ON AUDIBLE
    $200 1
LEGO

Austin
    $200 6
(Rich: What is Colorado?)

Maryland

AustinRich
    $200 15
Charlie

Austin
    $200 26
(Alex: And we have less than a minute now.)

a jury

Rich
    $200 21
life & death

Rich
    $200 10
(Austin: What is Sense and Sensibility?

Pride and Prejudice

AustinRain
    $400 2
(Austin: What is [*]...is not right?)
(Alex: Well, yeah, what is [*] is right.)
(Austin: HA!)

Frogger

Austin
    $400 7
Texas

Triple Stumper
    $400 17
(Alex: You got it and you are now on the plus side.)

chastity

Rich
    $400 27
counsel

Austin
    $400 22
sun & moon

Rain
    $400 11
Gulliver's Travels

Austin
    $600 3
Tetris

Austin
    $600 8
New York

Austin
    $600 18
(Rich: What is Charlotte?)

Chapel Hill

RichRain
    $600 30
misdemeanor

Austin
    $600 23
cat & dog

Austin
    $600 12
Heart of Darkness

Austin
    $800 4
Civilization

Austin
    $800 9
Kentucky

Rain
    $800 19
(Austin: What is chablis?)
(Alex: Ah, the C-H-A comes up in [*].)

chardonnay

Austin
Triple Stumper
    $800 29
blue lives matter

Rain
    $800 24
sweet & sour

Austin
    $800 13
Nicole Kidman

Rain
    $2,000 5
(Austin: What is...Zion?)
(Alex: What is [*] Valley)
(Austin: Oh, whatever.)
(Alex: So you're now tied.)
(Laughter.)

Monument

Austin
    $1000 16
Arkansas

Triple Stumper
    $1000 20
Chartres

Austin
    $1000 28
E

Rich
    $1000 25
(Rich: What is thank you and you're welcome?)

please & thank you

RichRain
    $1000 14
(Alex: And our thanks to Audible for that entire category.)

Dracula

Austin

Scores at the first commercial break (after clue 15):

Austin Rich Rain
$2,800 -$200 $1,800

Scores at the end of the Jeopardy! Round:

Austin Rich Rain
$5,400 $0 $4,600

Double Jeopardy! Round responses

SOMETHING ABOUT MARY
ENDS IN "ING"
FOODS FOR THOUGHT
CHECK, PLEASE
NAUGHTY BY NATURE
BOND BOMBSHELLS
    $400 11
Mary Todd Lincoln

Austin
    $400 1
awning

Austin
    $400 16
(Rain: What is square?)

fritter

RichRain
    $400 6
a certified check

Triple Stumper
    $400 19
woodpecker

Rich
    $400 26
(Alex: With less than a minute.)

Dr. No

Rain
    $800 12
William & Mary

Austin
    $800 2
(Austin: What is a pfennig?)
(Rain: What is a farthing?)
(Rich: What is a [*]?)
(Alex: Yes! You picked the right ING!)

shilling

AustinRichRain
    $800 17
brioche

Triple Stumper
    $800 7
a traveler's check

Austin
    $800 20
lay their eggs

Austin
    $800 27
Live and Let Die

Austin
    $5,000 13
(Alex: [*] is right. [*] Mary.)

typhoid

Austin
    $1200 3
Appalachian Spring

Austin
    $1200 18
(Alex: That would be [*]. Gouda and [*] cheese.)

edam

Triple Stumper
    $1200 8
stale

Austin
    $1200 21
coyotes

Austin
    $1200 30
Pussy Galore

Austin
    $1600 14
Christian Science

Triple Stumper
    $1600 4
static cling

Austin
    $1600 24
goji berries

Triple Stumper
    $1600 9
(Austin: What is flying them?)
(Alex: Flying them? No.)

kiting

Austin
Triple Stumper
    $1600 22
raccoons

Rain
    $1600 29
Moonraker

Austin
    $2000 15
Tanzania

Austin
    $2000 5
(Alex: It comes up in [*].)

bunting

Triple Stumper
    $2000 25
tempeh

Triple Stumper
    $2000 10
(Alex: Ah, the big crisis in [*].)

2008

Triple Stumper
    $2,000 23
cicadas

Rain
    $2000 28
George Lazenby

Austin

Scores at the end of the Double Jeopardy! Round:

Austin Rich Rain
$24,000 $1,600 $7,400
(lock game)

[wagering suggestions for these scores]

Final Jeopardy! Round responses

HISTORICAL AREAS
(Alex: And it comes from the first line of a famous work by Julius Caesar.)
(Alex, to Rich: Well, I'm glad to hear that.)
(Alex, to Austin: All [*] is divided in to three parts. You are correct.)
RichWhat is I had fun :)
$1,599
RainWhat is Paris?
$4,000
AustinWhat is Gaul?
$9,000
Gaul

Final scores:

Austin Rich Rain
$33,000 $1 $3,400
10-day champion: $365,400 3rd place: $1,000 2nd place: $2,000

Game dynamics:

Coryat scores:

Austin Rich Rain
$22,200 $1,600 $7,400
30 R
(including 1 DD),
5 W
(including 1 DD)
7 R,
3 W
10 R
(including 1 DD),
2 W

Combined Coryat: $31,200

The J! Archive is created by fans, for fans. The Jeopardy! game show and all elements thereof, including but not limited to copyright and trademark thereto, are the property of Jeopardy Productions, Inc. and are protected under law. This website is not affiliated with, sponsored by, or operated by Jeopardy Productions, Inc. Join the discussion at JBoard.tv.